| 000 | 01763nam a2200253Ia 4500 | ||
|---|---|---|---|
| 999 |
_c55449 _d55449 |
||
| 001 | 22531 | ||
| 003 | GE_BSU | ||
| 005 | 20220920100821.0 | ||
| 008 | 181216s2013||||ge |||||||||||||| ||geo|| | ||
| 040 | _cGE_BSU | ||
| 041 | _ageo | ||
| 080 | _a61 კ-87 | ||
| 100 |
_aკუგოტი, ივანე _911546 |
||
| 245 |
_aსაქართველოს ზოგიერთი მთიანი რეგიონის მოსახლეობის რადიაციული დატვირთვა, შორეული შედეგების პროგნოზირება და მათი პრევენცია : დისერტაცია / _cივანე კუგოტი; სამეცნიერო ხელმძღვანელი ნ. ვეფხვაძე; თბილისის სახ-ფო სამედიცინო უნ-ტი. |
||
| 264 |
_aთბილისი, _c2013. |
||
| 300 |
_a182 გვ. ; _b25 სმ. |
||
| 300 | _eბიბლიოგრ. გვ. 159-168 | ||
| 653 | _aსაქართველოს ზოგიერთი მთიანი რეგიონის მოსახლეობის რადიაციული დატვირთვა, შორეული შედეგების პროგნოზირება და მათი პრევენცია | ||
| 653 | _aჯანდაცვა | ||
| 653 | _aდისერტაცია | ||
| 700 |
_aვეფხვაძე, ნ. _eსამეცნიერო ხელმძღვანელი _97944 |
||
| 710 |
_aთბილისის სახელმწიფო სამედიცინო უნ-ტი _911284 |
||
| 942 |
_cBK _2udc |
||